The Foreigner: (Record no. 194859)

MARC details
000 -LEADER
fixed length control field 00502nam a22001817a 4500
005 - DATE AND TIME OF LATEST TRANSACTION
control field 20230124113520.0
010 ## - LCCN (DPL NO)
LC control number ENG-136047
020 ## - INTERNATIONAL STANDARD BOOK NUMBER
International Standard Book Number 9788122201468
Terms of availability 240.00
035 ## - SYSTEM CONTROL NUMBER
System control number EN-119579
037 ## - SOURCE OF ACQUISITION
Source of stock number/acquisition DBAD/PUB
082 ## - DEWEY DECIMAL CLASSIFICATION NUMBER
Classification number N
100 ## - MAIN ENTRY--PERSONAL NAME
Personal name Joshi, Arun
245 ## - TITLE STATEMENT
Title The Foreigner:
Remainder of title Library of South Asian Literature/
Statement of responsibility, etc by Arun Joshi
260 ## - PUBLICATION, DISTRIBUTION, ETC. (IMPRINT)
Place of publication, distribution, etc New Delhi
Name of publisher, distributor, etc Orinet Paperbacks
Date of publication, distribution, etc 2010
270 ## - ADDRESS
Address 5A/8, Ansari Road
City New Delhi
Postal code 110002
300 ## - PHYSICAL DESCRIPTION
Extent 192p.
Dimensions 20cm(pbk)
942 ## - ADDED ENTRY ELEMENTS (KOHA)
Source of classification or shelving scheme Dewey Decimal Classification
Item type English Books
Classification part N
Call number suffix JOS
Holdings
Withdrawn status Lost status Not for loan Collection code Home library Current library Date acquired Source of acquisition Cost, normal purchase price Full call number Barcode Copy number Cost, replacement price Koha item type
      Fiction Kasturba Gandhi Marg Kasturba Gandhi Marg 24/01/2023 DBAD/PUB 240.00 N JOS EN-119579 1 240.00 English Books

© Delhi Public Library
Hit Counter
free hit counter